| 000 | 00482nam a22001697a 4500 | ||
|---|---|---|---|
| 008 | 110519r19992010ua||||| |||| 000 0 ara d | ||
| 020 | _a9789770925687 | ||
| 082 |
_222 _a303.482 _bأ م ي |
||
| 100 |
_91753 _aأمين ، جلال |
||
| 245 |
_aالعولمة / _cجلال أمين |
||
| 250 | _aط2 | ||
| 260 |
_aالقاهرة : _bدار الشروق، 2010 _c2010 |
||
| 300 |
_a234 ص ؛ _c24 سم |
||
| 650 |
_98057 _aالعولمة |
||
| 653 |
_bPol _cMay2011 |
||
| 942 |
_2ddc _cBB |
||
| 999 |
_c15330 _d15330 |
||